[Event "10th Beirut Open-ch 2019"]
[Site "Beirut"]
[Date "2019.04.25"]
[Round "1.18"]
[White "Jabr, Bernard"]
[Black "Asmar, Elie"]
[Result "0-1"]
[WhiteElo "1679"]
[BlackElo "2009"]
[PlyCount "44"]
[EventDate "2019.04.25"]
[EventType "swiss"]
[EventRounds "9"]
[EventCountry "LBN"]
[TimeControl "5400+30"]

1. e4 d5 2. d4 dxe4 3. Nc3 Nf6 4. f3 exf3 5. Qxf3 e6 6. Bd3 Nc6 7. Nge2 Nb4 8. O-O Nxd3 9. cxd3 Be7 10. Ne4 O-O 11. Qg3 Nxe4 12. dxe4 f5 13. Bh6 Rf7 14. Rf4 Kh8 15. Raf1 gxh6 16. d5 e5 17. Rxf5 Bxf5 18. Qxe5+ Bf6 19. Qxf5 Bd4+ 20. Nxd4 Rxf5 21. Rxf5 Qh4 22. Ne6 Qxe4 0-1

[Event "10th Beirut Open-ch 2019"]
[Site "Beirut"]
[Date "2019.04.25"]
[Round "1.20"]
[White "Berbari, Imad"]
[Black "Sharbel, Marwan"]
[Result "1-0"]
[WhiteElo "1666"]
[BlackElo "1973"]
[PlyCount "115"]
[EventDate "2019.04.25"]
[EventType "swiss"]
[EventRounds "9"]
[EventCountry "LBN"]
[TimeControl "5400+30"]

1. e4 c5 2. Nf3 d6 3. d3 Nf6 4. g3 g6 5. Bg2 Bg7 6. O-O O-O 7. a4 Nc6 8. Nbd2 Bd7 9. h3 a6 10. Nc4 Be6 11. e5 Ne8 12. Re1 d5 13. Ncd2 h6 14. c3 Bf5 15. d4 c4 16. Nh4 Bd3 17. Bf1 Bxf1 18. Nxf1 e6 19. Be3 Nc7 20. Qg4 Kh7 21. Nd2 b5 22. axb5 axb5 23. Ng2 Qe7 24. h4 h5 25. Qe2 b4 26. Bg5 Qd7 27. Nf4 bxc3 28. bxc3 Nb5 29. Qf3 Ne7 30. Rxa8 Rxa8 31. Nxc4 Qc7 32. Ne3 Qxc3 33. Rd1 Nf5 34. Ne2 Qb3 35. Rd2 Ra1+ 36. Kh2 Ra4 37. g4 hxg4 38. Qxg4 Bxe5+ 39. Bf4 Bxf4+ 40. Qxf4 Nbd6 41. h5 Ne4 42. hxg6+ fxg6 43. Nxf5 gxf5 44. Qh4+ Kg7 45. Qe7+ Kh6 46. Qxe6+ Kg5 47. f4+ Kh5 48. Qxf5+ Kh6 49. Qf8+ Kh7 50. Qf7+ Kh8 51. Qh5+ Kg7 52. Qg4+ Kf7 53. Nc1 Qb7 54. Qh5+ Kf6 55. Qe5+ Kf7 56. Qh5+ Kf8 57. Rg2 Nf6 58. Qh8+ 1-0

[Event "10th Beirut Open-ch 2019"]
[Site "Beirut"]
[Date "2019.04.25"]
[Round "1.21"]
[White "Al Salman, Mohamad"]
[Black "Tarraf, Tarraf"]
[Result "1-0"]
[WhiteElo "1958"]
[BlackElo "1647"]
[PlyCount "105"]
[EventDate "2019.04.25"]
[EventType "swiss"]
[EventRounds "9"]
[EventCountry "LBN"]
[TimeControl "5400+30"]

1. d4 Nf6 2. Nf3 e6 3. c4 d5 4. Nc3 c6 5. cxd5 exd5 6. Bg5 Nbd7 7. a3 Be7 8. e3 Ne4 9. Nxe4 dxe4 10. Bxe7 Qxe7 11. Nd2 Nf6 12. Qc2 Bf5 13. Be2 O-O 14. O-O Bg6 15. a4 Kh8 16. a5 Rac8 17. Qc5 Qxc5 18. dxc5 Rcd8 19. Nc4 a6 20. Rfd1 Rd5 21. Nd6 Rb8 22. b4 Rxd1+ 23. Rxd1 Nd5 24. Rd4 h6 25. g4 Kg8 26. Bc4 Nc3 27. h4 h5 28. gxh5 Bxh5 29. Nxe4 Nxe4 30. Rxe4 Kf8 31. Kg2 f6 32. Rd4 Ke7 33. Kg3 Rd8 34. Rxd8 Kxd8 35. Be6 Be8 36. Kf4 Bg6 37. e4 Bh5 38. Kf5 Be8 39. f4 Bh5 40. e5 fxe5 41. Kxe5 Bg6 42. f5 Bh5 43. f6 gxf6+ 44. Kxf6 Kc7 45. Bf7 Bg4 46. h5 Bxh5 47. Bxh5 Kc8 48. Ke7 Kc7 49. Bg4 Kb8 50. Kd8 Ka7 51. Kc7 Ka8 52. Bd7 b6 53. Bxc6+ 1-0

[Event "10th Beirut Open-ch 2019"]
[Site "Beirut"]
[Date "2019.04.25"]
[Round "1.22"]
[White "Salameh, Sleiman"]
[Black "Hariri, Nizar"]
[Result "1/2-1/2"]
[WhiteElo "1621"]
[BlackElo "1958"]
[PlyCount "118"]
[EventDate "2019.04.25"]
[EventType "swiss"]
[EventRounds "9"]
[EventCountry "LBN"]
[TimeControl "5400+30"]

1. e4 e6 2. d4 d5 3. e5 c5 4. c3 Nc6 5. Nf3 Qb6 6. a3 Nh6 7. b4 cxd4 8. Bxh6 gxh6 9. cxd4 Bd7 10. Be2 Bg7 11. Ra2 Rc8 12. O-O O-O 13. b5 Ne7 14. a4 Ng6 15. Re1 f6 16. Bd3 fxe5 17. Nxe5 Nxe5 18. dxe5 Kh8 19. Rae2 Qd4 20. Re3 Rf4 21. Nd2 Qxa4 22. Qe2 Qa2 23. Bb1 Qa5 24. Qd3 Rf5 25. Qd4 Rf7 26. Rf3 Rxf3 27. Nxf3 Qc3 28. Qxa7 Bxb5 29. Qxb7 Be8 30. Bd3 Bh5 31. Ba6 Rf8 32. Re3 Qa1+ 33. Re1 Qa5 34. Rc1 Bxf3 35. gxf3 Qd2 36. Rc8 Qd1+ 37. Bf1 Qxf3 38. Rxf8+ Bxf8 39. Qc8 Qg4+ 40. Bg2 Kg8 41. h3 Qf5 42. Bxd5 Qg5+ 43. Bg2 Qxe5 44. Qa8 Kg7 45. Qb7+ Kg8 46. Qa8 Qg5 47. Qe4 Qf6 48. Qb7 Be7 49. Qe4 Bc5 50. Qa8+ Kf7 51. Qb7+ Be7 52. Qe4 Kg7 53. Qb7 h5 54. Qe4 h4 55. Qg4+ Kh6 56. Qe4 Bc5 57. Qc2 Bd4 58. Be4 Be5 59. Kf1 Bd4 1/2-1/2

[Event "10th Beirut Open-ch 2019"]
[Site "Beirut"]
[Date "2019.04.25"]
[Round "1.24"]
[White "Kabalan, Farah"]
[Black "Khechen, Nabil E"]
[Result "1/2-1/2"]
[WhiteElo "1602"]
[BlackElo "1933"]
[PlyCount "119"]
[EventDate "2019.04.25"]
[EventType "swiss"]
[EventRounds "9"]
[EventCountry "LBN"]
[TimeControl "5400+30"]

1. e4 e5 2. Nf3 Nc6 3. Bc4 Nf6 4. d3 Bc5 5. Bg5 h6 6. Bh4 g5 7. Bg3 d6 8. h4 g4 9. Nh2 Nh5 10. Nxg4 Nxg3 11. fxg3 h5 12. Qf3 Qe7 13. Nf6+ Kf8 14. Nd5 Nd4 15. Qd1 Bg4 16. Qd2 Qd8 17. Rf1 b5 18. Bb3 Be6 19. Nf6 Bxb3 20. axb3 Ne6 21. b4 Bb6 22. Nc3 c6 23. Qd1 Nf4 24. Rxf4 exf4 25. Nxh5 fxg3 26. Qg4 Rg8 27. Qf4 Bf2+ 28. Kd2 Rg6 29. Ne2 Qe7 30. Nexg3 Bxg3 31. Nxg3 Qe5 32. Ne2 Rxg2 33. Qh6+ Ke7 34. c3 a6 35. Rf1 Rh8 36. Qe3 c5 37. bxc5 dxc5 38. Rxf7+ Kxf7 39. Qf3+ Qf6 40. Qxg2 Rxh4 41. Qg1 Qh6+ 42. Qe3 Qxe3+ 43. Kxe3 Rh3+ 44. Kd2 Rf3 45. b4 cxb4 46. cxb4 Ke7 47. Nd4 Rh3 48. Kc3 Kd6 49. Nb3 Rh7 50. Kd4 Kc6 51. Nc5 Kb6 52. Kd5 Rh1 53. e5 a5 54. bxa5+ Kxa5 55. e6 Rh8 56. e7 Re8 57. Kd6 Kb4 58. Na6+ Kc3 59. Kd7 Rxe7+ 60. Kxe7 1/2-1/2

[Event "10th Beirut Open-ch 2019"]
[Site "Beirut"]
[Date "2019.04.25"]
[Round "1.25"]
[White "Kaloust, Giorgio"]
[Black "Eid, Wissam"]
[Result "1-0"]
[WhiteElo "1919"]
[BlackElo "1568"]
[PlyCount "41"]
[EventDate "2019.04.25"]
[EventType "swiss"]
[EventRounds "9"]
[EventCountry "LBN"]
[TimeControl "5400+30"]

1. d4 d5 2. c4 e6 3. Nc3 Nf6 4. cxd5 exd5 5. Bg5 c6 6. e3 Bf5 7. Qb3 b6 8. Nf3 Nbd7 9. Ne5 Nxe5 10. dxe5 h6 11. exf6 hxg5 12. fxg7 Bxg7 13. O-O-O Qc7 14. g3 Be6 15. Qc2 b5 16. Nxd5 Qb7 17. Nc3 b4 18. Ne4 Qc7 19. Nxg5 Bxa2 20. b3 Qe5 21. Qxc6+ 1-0

[Event "10th Beirut Open-ch 2019"]
[Site "Beirut"]
[Date "2019.04.26"]
[Round "2.1"]
[White "Moudallal, Tarek"]
[Black "Bernadskiy, Vitaliy"]
[Result "0-1"]
[WhiteElo "2043"]
[BlackElo "2587"]
[Annotator "TA"]
[PlyCount "60"]
[EventDate "2019.04.25"]
[EventType "swiss"]
[EventRounds "9"]
[EventCountry "LBN"]
[SourceTitle "playchess.com"]
[Source "ChessBase"]
[SourceQuality "1"]

{[%evp 9,60,-14,-12,-26,-25,-22,-26,-39,-30,-36,-17,-15,-25,-13,-6,-21,-16,-20,-16,-50,-32,-39,-8,-57,-20,-90,-27,-22,-20,-27,-15,-40,-32,-61,-24,-61,-61,-470,-327,-343,-307,-439,-47,-134,-86,-47,-45,-29990,-29991,-29991,-29992,-29995,-29996]} 1. Nf3 d5 2. b3 c5 3. Bb2 Nc6 (3... f6 4. g3 e5 5. Bg2 Nc6 6. O-O Be6 7. c4 d4 8. e3 Nge7 9. d3 Ng6 10. exd4 cxd4 11. Ba3 Bxa3 12. Nxa3 {0-1 (28) Nakamura,H (2746)-Korobov,A (2698) St Petersburg 2018}) 4. g3 d4 5. Bg2 e5 6. d3 {A06: Réti Opening:1 Nf3 d5} Nf6 7. Nbd2 Be7 8. a4 $146 {Black has an edge.} ({Predecessor:} 8. Nc4 Nd7 9. a4 O-O 10. e3 Rb8 11. O-O {0-1 (50) Petrovs,J (1844)-Berzinsh,R (2409) Riga 2018}) 8... Be6 9. O-O Nd7 10. e3 O-O 11. c3 {[%cal Rc3d4]} dxc3 12. Bxc3 f5 13. Nc4 {[%cal Rf3e5]} Bf6 14. Qd2 Qe7 15. Qb2 {[%cal Rc4e5]} Bf7 16. Rfe1 e4 (16... Bxc4 {feels hotter.} 17. bxc4 e4 18. dxe4 Bxc3 19. Qxc3 fxe4 20. Nd2 Nf6) 17. dxe4 {[#]} (17. Bxf6 $11 {remains equal.} Nxf6 18. dxe4 fxe4 19. Nfe5) 17... fxe4 (17... Bxc3 $1 $17 18. Qxc3 fxe4) 18. Bxf6 $1 $11 Nxf6 19. Nfe5 Nxe5 20. Nxe5 Bh5 21. h3 Rad8 22. g4 Rd5 23. Nc4 $2 {[%mdl 8192] [#]} (23. f4 $1 $15 exf3 24. Nxf3) 23... Bxg4 $1 {[%mdl 512]} 24. hxg4 Nxg4 {[%mdl 64] Discovered Attack} 25. Re2 (25. Bxe4 $142 Qxe4 26. f4) 25... Rdf5 $2 (25... Qc7 $19 {Threatens to win with ...Rg5.} 26. Qc2 (26. Bxe4 $2 Qh2+ 27. Kf1 Rg5 $19) 26... Rh5) 26. Qc2 ({Wrong is} 26. Bh3 $2 Qh4 $19) (26. Qd2 $15) 26... Qh4 $36 {[%cal Rf5f2][%mdl 2048] White is under strong pressure.} 27. Ra2 Rd8 {...Rg5 is the strong threat.} 28. Bxe4 $2 {[%mdl 8192]} (28. Rd2 $15 Rxd2 29. Qxd2) 28... Rg5 {Black mates.} 29. f4 Qg3+ 30. Bg2 Rh5 0-1

[Event "10th Beirut Open-ch 2019"]
[Site "Beirut"]
[Date "2019.04.26"]
[Round "2.2"]
[White "Bajarani, Ulvi"]
[Black "Dimitrijevic, Aleksandra"]
[Result "1-0"]
[WhiteElo "2470"]
[BlackElo "2164"]
[Annotator "TA"]
[PlyCount "79"]
[EventDate "2019.04.25"]
[EventType "swiss"]
[EventRounds "9"]
[EventCountry "LBN"]
[SourceTitle "playchess.com"]
[Source "ChessBase"]
[SourceQuality "1"]

{[%evp 11,79,0,-3,-10,-2,-8,-9,-10,0,-34,0,-6,0,0,0,0,-3,-9,-8,-20,-17,-35,-33,-29,0,1,19,0,-9,-38,72,0,78,75,62,63,83,78,71,82,83,85,160,161,151,160,152,128,172,169,230,220,315,314,322,324,321,312,390,373,366,366,502,459,2323,1095,29990,29990,29991,29992]} 1. d4 Nf6 2. g3 g6 3. Bg2 Bg7 4. Nf3 O-O 5. O-O d5 6. b3 c5 7. e3 {D02: 1 d4 d5 2 Nf3 sidelines, including 2...Nf6 3 g3 and 2...Nf6 3 Bf4} cxd4 8. exd4 Nc6 9. Bb2 {The position is equal.} Bg4 10. h3 (10. Nc3 Rc8 11. Ne2 Rc7 12. h3 Bxf3 13. Bxf3 {1-0 (37) Granda Zuniga,J (2650)-Hoffman,A (2470) Buenos Aires 2018}) 10... Bf5 11. c3 Qc7 $146 ({Predecessor:} 11... h5 12. Na3 Qd7 13. Kh2 Ne4 14. Nc2 g5 {0-1 (23) Davidovic,M (2026)-Garancovsky,P (2163) Slovakia 2009}) 12. Re1 Rad8 13. Nbd2 {[%cal Bb1d2,Bd2f1,Bf1e3,Be3g4][%mdl 32]} Rfe8 14. Nf1 Be4 15. Ne3 Nh5 16. Ng5 Bxg2 17. Kxg2 e5 18. dxe5 $1 Bxe5 19. Ng4 {Hoping for Nh6+.} ({Avoid the trap} 19. Nxd5 $2 Qa5 $19) 19... Bg7 20. Qd3 h6 {[#]} (20... Ne5 $15 {stays ahead.} 21. Nxe5 Bxe5) 21. Nf3 ({Better is} 21. Ne6 $1 $16 {[%cal Re6c7][%mdl 512]} Rxe6 22. Rxe6) 21... Qd7 (21... Rxe1 $11 {remains equal.} 22. Rxe1 f5) 22. Rxe8+ $1 $16 Rxe8 23. Rd1 Rd8 24. Bc1 Kh7 25. Qd2 f5 26. Nxh6 {And now g4 would win.} Ne5 ({Black should try} 26... Rf8) 27. Nxe5 Bxe5 28. Qe3 $36 {[%mdl 2048] Black is under strong pressure.} Bg7 {[#]} 29. g4 $1 {[%cal Rg4h5]} d4 30. cxd4 Re8 {[#]} (30... Qd5+ {might work better.} 31. Qf3 Bxh6) 31. Qf3 $1 $18 Nf6 (31... fxg4 $142 32. Nxg4 Rf8) 32. gxf5 Bxh6 33. fxg6+ {[%mdl 64] Discovered Attack} Kxg6 34. Bxh6 Rg8 35. Bf4 Qf5 36. Bg3 Qc2 37. d5 Ne4 (37... Re8 $142 38. d6 Qc6 39. Qxc6 bxc6) 38. Rd4 Nxg3 39. Qxg3+ Kf7 40. Rf4+ {Accuracy: White = 58%, Black = 37%.} 1-0

[Event "10th Beirut Open-ch 2019"]
[Site "Beirut"]
[Date "2019.04.26"]
[Round "2.3"]
[White "Asmar, Elie"]
[Black "Khodashenas, Mersad"]
[Result "0-1"]
[WhiteElo "2009"]
[BlackElo "2467"]
[Annotator "TA"]
[PlyCount "96"]
[EventDate "2019.04.25"]
[EventType "swiss"]
[EventRounds "9"]
[EventCountry "LBN"]
[SourceTitle "playchess.com"]
[Source "ChessBase"]
[SourceQuality "1"]

{[%evp 9,96,-10,0,-13,12,28,10,11,16,19,75,9,17,18,30,16,40,27,47,29,58,48,58,39,49,53,72,39,70,51,54,59,52,25,57,54,61,69,69,70,79,0,2,0,0,0,8,0,0,0,6,-14,-6,-6,-6,-6,-6,-46,-22,-19,0,-48,-6,-55,-35,-33,-35,-43,-43,-59,-59,-68,-59,-68,-59,-68,-68,-108,-108,-108,-108,-127,-122,-122,-118,-119,-99,-604,-595]} 1. a3 Nf6 2. Nf3 b6 (2... g6 3. b4 Bg7 4. Bb2 O-O 5. e3 d6 6. d4 e5 7. dxe5 Ng4 8. Be2 Nc6 9. O-O Ngxe5 10. Qc1 a5 {0-1 (37) Tan,J (2502)-Niemann,H (2466) chess.com INT 2019}) 3. g3 Bb7 4. Bg2 d5 5. O-O Nbd7 6. c4 {A05: Réti Opening: 1 Nf3 Nf6} e6 7. cxd5 exd5 8. d4 {The position is equal.} Bd6 $146 ({Predecessor:} 8... Ne4 9. Nc3 Nxc3 10. bxc3 Nf6 11. Ne5 Bd6 12. Qa4+ c6 13. Bg5 b5 {1-0 (41) Klein,G (2009)-Walcher,C (1776) Seefeld 2007}) 9. Nc3 a6 (9... O-O $11) 10. b4 (10. Nh4 $16) 10... O-O $11 11. Bf4 Qe7 12. Bxd6 Qxd6 13. Rc1 c6 14. Qb3 Rfe8 15. Rfe1 Re7 16. Qb2 Rae8 17. e3 Ng4 18. h3 Nh6 19. Na4 f6 20. Qc2 g6 21. Nc3 {[%cal Ba4c3,Bc3e2,Be2f4][%mdl 32]} f5 22. Ne2 Nf7 23. Nf4 Qf6 24. h4 Nd6 25. Nd2 ({White should try} 25. a4 $16) 25... Nb5 $1 26. a4 Nxd4 $1 {[%mdl 64] [#] Pin} 27. Qc3 Ne6 (27... Kf7 {keeps more tension.} 28. Red1 Ne6 29. Qxf6+ Kxf6 30. Nb3 Ba8) 28. Qxf6 Nxf6 29. Nxe6 Rxe6 30. Nf3 Nd7 31. Nd4 Rd6 32. Nb3 $1 Kf7 33. Red1 Ke7 34. a5 b5 35. Nc5 Bc8 36. Rd2 Ne5 37. Rd4 h6 38. Rcd1 Rf6 39. Nd3 Nxd3 40. R4xd3 Be6 41. Rc1 Bf7 42. Rd4 Kd6 43. Rc5 g5 44. Bf3 Bg6 45. Rc1 {[#]} f4 $1 {[%mdl 512]} 46. exf4 gxf4 47. g4 Rfe6 48. Rxf4 $2 {[%mdl 8192]} (48. Kg2 $17) 48... Ke5 {Accuracy: White = 39%, Black = 50%.} 0-1

[Event "10th Beirut Open-ch 2019"]
[Site "Beirut"]
[Date "2019.04.26"]
[Round "2.4"]
[White "Kotanjian, Tigran"]
[Black "Novikova, Margarita"]
[Result "1-0"]
[WhiteElo "2458"]
[BlackElo "2032"]
[Annotator "RC"]
[PlyCount "79"]
[EventDate "2019.04.25"]
[EventType "swiss"]
[EventRounds "9"]
[EventCountry "LBN"]
[SourceTitle "playchess.com"]
[Source "ChessBase"]
[SourceQuality "1"]
[TimeControl "5400+30"]

1. d4 {[%emt 0:01:45]} d5 {[%emt 0:00:00]} 2. c4 {[%emt 0:00:07]} c6 {[%emt 0:00:00]} 3. Nf3 {[%emt 0:00:08]} Nf6 {[%emt 0:00:00]} 4. Nc3 {[%emt 0:00:06]} dxc4 {[%emt 0:06:13]} 5. a4 {[%emt 0:00:11]} Bf5 {[%emt 0:02:08]} 6. Ne5 {[%emt 0:00:12]} Nbd7 {[%emt 0:04:04]} 7. Nxc4 {[%emt 0:00:22]} e6 {[%emt 0:02:04]} 8. f3 {[%emt 0:01:32]} Be7 {[%emt 0:05:15]} 9. e4 {[%emt 0:00:12]} Bg6 {[%emt 0:00:06]} 10. Be3 {[%emt 0:00:10]} O-O {[%emt 0:03:52]} 11. Be2 {[%emt 0:00:08]} Nb6 {[%emt 0:02:25]} 12. O-O {[%emt 0:02:54]} Nxc4 {[%emt 0:00:33]} 13. Bxc4 {[%emt 0:00:19]} Qa5 {[%emt 0:06:38]} 14. Qb3 {[%emt 0:01:23]} Qb4 {[%emt 0:02:34]} 15. a5 {[%emt 0:00:28]} Qxb3 {[%emt 0:02:29]} 16. Bxb3 {[%emt 0:00:10]} Rfc8 {[%emt 0:07:12]} 17. a6 {[%emt 0:02:30]} b5 {[%emt 0:00:58]} 18. Rfc1 {[%emt 0:02:44]} Nd7 {[%emt 0:04:33]} 19. Kf2 {[%emt 0:01:12]} Rab8 {[%emt 0:05:57]} 20. Bd1 {[%emt 0:02:24]} c5 {[%emt 0:05:45]} 21. d5 {[%emt 0:04:15]} b4 {[%emt 0:03:12]} 22. dxe6 {[%emt 0:00:18]} bxc3 {[%emt 0:05:41]} 23. exd7 {[%emt 0:00:09]} cxb2 {[%emt 0:03:15]} 24. dxc8=Q+ {[%emt 0:00:11]} Rxc8 {[%emt 0:00:04]} 25. Rab1 {[%emt 0:00:24]} bxc1=Q {[%emt 0:00:08]} 26. Bxc1 {[%emt 0:00:10]} Bd8 {[%emt 0:02:06]} 27. Bb3 {[%emt 0:02:56]} Bb6 {[%emt 0:09:26]} 28. Bd5 {[%emt 0:00:18]} Bc7 {[%emt 0:07:42]} 29. Rb7 {[%emt 0:00:14]} c4 {[%emt 0:01:24]} 30. Ke2 {[%emt 0:01:39]} Bb8 {[%emt 0:05:42]} 31. Kd1 {[%emt 0:00:20]} c3 {[%emt 0:00:51]} 32. Kc2 {[%emt 0:00:13]} Kh8 {[%emt 0:01:35]} 33. Be3 {[%emt 0:01:47]} Be5 {[%emt 0:00:53]} 34. Rxa7 {[%emt 0:01:12]} f5 {[%emt 0:00:11]} 35. Ra8 {[%emt 0:00:14]} Rxa8 {[%emt 0:00:14]} 36. Bxa8 {[%emt 0:00:08]} Be8 {[%emt 0:00:30]} 37. Bd5 {[%emt 0:00:21]} Ba4+ {[%emt 0:00:14]} 38. Kc1 {[%emt 0:01:33]} Bd6 {[%emt 0:01:37]} 39. a7 {[%emt 0:00:12]} Ba3+ {[%emt 0:00:04]} 40. Kb1 {[%emt 0:00:14]} 1-0

[Event "10th Beirut Open-ch 2019"]
[Site "Beirut"]
[Date "2019.04.26"]
[Round "2.5"]
[White "Bedrosian, Danielle"]
[Black "Karpatchev, Aleksandr"]
[Result "0-1"]
[WhiteElo "1676"]
[BlackElo "2423"]
[Annotator "TA"]
[PlyCount "76"]
[EventDate "2019.04.25"]
[EventType "swiss"]
[EventRounds "9"]
[EventCountry "LBN"]
[SourceTitle "playchess.com"]
[Source "ChessBase"]
[SourceQuality "1"]

{[%evp 9,76,-25,-19,-52,0,-18,-8,-10,-13,-42,-11,-10,-1,-35,27,-33,0,0,0,-2,25,3,19,-32,-38,-39,-19,-30,-14,-20,-19,-25,-16,-40,-33,-28,-51,-82,-7,-11,-7,-8,-2,-133,-172,-188,-56,-55,-47,-93,-102,-99,-103,-97,-92,-200,-190,-202,-195,-196,-188,-310,-321,-501,-488,-511,-484,-559,-604]} 1. b3 e5 2. Bb2 Nc6 3. g3 Nf6 4. Bg2 d5 5. d3 (5. e3 Be7 6. d3 Be6 7. Ne2 O-O 8. Nd2 a5 9. a3 Qd7 10. h3 d4 11. e4 g6 12. f4 exf4 13. gxf4 {½-½ (42) Kamsky,G (2762)-Grischuk,A (2764) Beijing 2012}) 5... Bc5 6. e3 {A01: Nimzowitsch-Larsen Opening} Bg4 (6... d4 $15 7. exd4 Bxd4) 7. Ne2 Qd7 8. h3 {The position is equal.} Be6 9. Nd2 h6 $146 ({Predecessor:} 9... O-O 10. a3 a5 11. Nf3 d4 12. e4 h6 {0-1 (47) Troia,E (2297)-Belletti,L (2382) ICCF email 2014}) 10. a3 a5 11. g4 Qe7 (11... d4 $15) 12. Ng3 (12. O-O $11) 12... O-O 13. O-O Rad8 14. Qe2 Nh7 15. Nf3 Bc8 16. e4 (16. c3 $11) 16... dxe4 17. Qxe4 {[%cal Rf3e5]} Ng5 18. Nxg5 hxg5 19. c3 Qe6 20. b4 Bb6 21. Qe2 Ne7 22. c4 Ng6 23. Nh5 Bd4 ({Black should play} 23... c6 $17) 24. Bd5 $11 Qd6 25. Bxd4 exd4 26. Qf3 (26. Qd2 $1 $11) 26... c6 $17 27. Be4 {[#]} axb4 (27... Nh4 $1 $19 {[%cal Rh4f3]} 28. Qe2 f5) 28. axb4 $15 Qxb4 29. Ng3 Nh4 $36 {[%mdl 2048] Black is really pushing.} 30. Qd1 Qd6 31. Qd2 f6 32. Nf5 (32. Rfe1 $17) 32... Bxf5 $1 $19 33. gxf5 {[#]} g6 $1 {[%mdl 512]} 34. fxg6 Rde8 {[%cal Bd8e8,Be8e3,Be3g3][%mdl 32] ...Rxe4! is the strong threat.} 35. f4 (35. Bg2 $142) 35... f5 36. Bh1 (36. Bg2 $142) 36... Re3 {Black is clearly winning.} 37. Qf2 Nxg6 38. fxg5 Rg3+ {Accuracy: White = 33%, Black = 44%.} 0-1

[Event "10th Beirut Open-ch 2019"]
[Site "Beirut"]
[Date "2019.04.26"]
[Round "2.6"]
[White "Cherniaev, Alexander"]
[Black "Al Salman, Mohamad"]
[Result "1-0"]
[WhiteElo "2401"]
[BlackElo "1958"]
[Annotator "TA"]
[PlyCount "19"]
[EventDate "2019.04.25"]
[EventType "swiss"]
[EventRounds "9"]
[EventCountry "LBN"]
[SourceTitle "playchess.com"]
[Source "ChessBase"]
[SourceQuality "1"]

{[%evp 10,27,56,44,246,172,170,120,110,117,514,391,424,413,418,410,759,743,751,739]} 1. e4 c5 2. Nc3 g6 3. d4 Bg7 4. dxc5 Qa5 5. Bd2 Qxc5 6. Nd5 {[#] Strongly threatening Bb4.} a6 $2 {B06: Modern Defence} (6... Na6 $14) (6... Na6 7. Nf3 e6 8. Bc3 Bxc3+ 9. Nxc3 d6 10. Qd2 Nf6 11. O-O-O O-O 12. Qxd6 Qxf2 13. Qf4 Kg7 14. Bxa6 bxa6 15. Qe5 {1-0 (43) Ponkratov,P (2605)-Pridorozhni,A (2512) Khanty-Mansiysk 2013}) 7. Nf3 {Be3 is the strong threat.} Qc6 $146 ({Predecessor:} 7... b5 8. Be3 Qc6 9. Nb6 Bxb2 10. Nxa8 Bc3+ 11. Nd2 Qxa8 12. Rb1 Qxe4 13. Rb3 Qc6 14. Be2 {0-1 (39) Kraus,Y (2102)-Slonimskij,A (2207) Jerusalem 2014}) 8. Bd3 e6 {White is better.} 9. Qe2 Nf6 $2 {[%mdl 8192] [#]} (9... d6 $16 {is a better chance.}) 10. Ne5 {Played: Bd2-c3} 1-0

[Event "10th Beirut Open-ch 2019"]
[Site "Beirut"]
[Date "2019.04.26"]
[Round "2.7"]
[White "Khoder, Akram"]
[Black "Raetsky, Alexander"]
[Result "0-1"]
[WhiteElo "1608"]
[BlackElo "2394"]
[Annotator "TA"]
[PlyCount "30"]
[EventDate "2019.04.25"]
[EventType "swiss"]
[EventRounds "9"]
[EventCountry "LBN"]
[SourceTitle "playchess.com"]
[Source "ChessBase"]
[SourceQuality "1"]

{[%evp 13,41,17,13,-13,-6,-57,-48,-98,-105,-185,-161,-240,-164,-143,-102,-131,-150,-133,-135,-162,-175,-611,-591,-904,-909,-1124,-894,-651,-643,-29997]} 1. c4 f5 2. g3 e5 3. Bg2 Nf6 4. Nc3 d6 5. d3 Be7 6. e3 O-O 7. Nge2 c6 8. d4 {A21: English Opening: 1...e5 2 Nc3} e4 $146 ({Predecessor:} 8... Na6 9. O-O e4 10. f3 exf3 11. Bxf3 Nc7 12. d5 c5 13. Nf4 Ng4 14. e4 Ne5 15. Be2 fxe4 16. Nxe4 {0-1 (59) Deglmann,L (2342)-Kindermann,S (2517) Germany 2008}) 9. d5 (9. Qb3 $11) 9... Nbd7 $15 {[%cal Bb8d7,Bd7e5,Be5f3][%mdl 32]} 10. Nd4 {Black is slightly better.} Ne5 11. Qb3 (11. O-O $17) 11... c5 12. Nc2 (12. Ne6 $142 Bxe6 13. dxe6) 12... Qe8 13. O-O Qh5 14. Ne1 Nfg4 {[%csl Gg4][%cal Rh5h2]} 15. h3 a6 {Played: Ne5-f3} 0-1

[Event "10th Beirut Open-ch 2019"]
[Site "Beirut"]
[Date "2019.04.26"]
[Round "2.8"]
[White "Ivanov, Mikhail M"]
[Black "Kaloust, Giorgio"]
[Result "1-0"]
[WhiteElo "2372"]
[BlackElo "1919"]
[PlyCount "77"]
[EventDate "2019.04.25"]
[EventType "swiss"]
[EventRounds "9"]
[EventCountry "LBN"]
[TimeControl "5400+30"]

1. c4 Nf6 2. g3 g6 3. Bg2 Bg7 4. b3 d5 5. Bb2 e6 6. Nf3 O-O 7. O-O b6 8. d4 Nbd7 9. Nc3 Bb7 10. Qc2 Rc8 11. Rfd1 c6 12. Rac1 Qc7 13. e3 Qb8 14. Qe2 Ba6 15. a4 Rfd8 16. Ba3 c5 17. Nb5 Bb7 18. Bb2 Ne4 19. dxc5 Ndxc5 20. Bxg7 Kxg7 21. b4 Nxa4 22. Qa2 a6 23. Qxa4 axb5 24. Qa1+ Kg8 25. cxb5 Nd6 26. Nd4 Rxc1 27. Rxc1 Rc8 28. Nc6 Qc7 29. Qf6 Bxc6 30. bxc6 b5 31. Rc5 Qb6 32. c7 Nb7 33. Rxd5 Rxc7 34. h4 Rc8 35. Rd7 Nd8 36. h5 gxh5 37. Be4 Rc1+ 38. Kg2 Rc8 39. Qh6 1-0

[Event "10th Beirut Open-ch 2019"]
[Site "Beirut"]
[Date "2019.04.26"]
[Round "2.9"]
[White "Khairallah, Faisal"]
[Black "Hanna, Elie"]
[Result "1-0"]
[WhiteElo "2255"]
[BlackElo "1726"]
[PlyCount "93"]
[EventDate "2019.04.25"]
[EventType "swiss"]
[EventRounds "9"]
[EventCountry "LBN"]
[TimeControl "5400+30"]

1. Nf3 c5 2. c4 Nf6 3. g3 g6 4. Bg2 Bg7 5. O-O O-O 6. d4 d6 7. Nc3 Nbd7 8. Rb1 Rb8 9. a3 Re8 10. b4 b6 11. e4 Bb7 12. d5 Ng4 13. Bb2 Nge5 14. Nd2 cxb4 15. axb4 a5 16. Ba1 Ba6 17. b5 Bb7 18. Ne2 Rc8 19. Nd4 Nxc4 20. Nc6 Bxc6 21. bxc6 Nde5 22. Nxc4 Nxc4 23. Bxg7 Kxg7 24. Qd4+ e5 25. Qxc4 Qc7 26. Rb5 Ra8 27. Rfb1 Reb8 28. Qa4 Ra7 29. Bf1 Kf8 30. Bc4 Kg7 31. Qa1 a4 32. Qa3 h6 33. R1b4 Ra5 34. Rxa4 Rba8 35. Raxa5 Rxa5 36. Rxa5 bxa5 37. Qb3 Qa7 38. Qb7 Qd4 39. c7 Qxc4 40. c8=Q Qxe4 41. Qc3 a4 42. Qbb4 Qxd5 43. Qxa4 Qb7 44. Qab4 Qa8 45. Qd2 Qf3 46. Qbxd6 Qe4 47. Q2d5 1-0